30 Jahre DDR: (Titelsatznr. 373919)
[ MARC ]
| 000 -Satzkennung | |
|---|---|
| Kontrollfeld mit fester Länge | 00563nam a2200145 4500 |
| 008 - Feld mit fester Länge zur physischen Beschreibung - Allgemeine Angaben | |
| Kontrollfeld mit fester Länge | 250729b |||||||| |||| 00| 0 eng d |
| 040 ## - Katalogisierungsquelle | |
| Original-Katalogisierungsstelle | DE-2950 |
| Übertragungsstelle | DE-2950 |
| 245 ## - Titel | |
| Titel | 30 Jahre DDR: |
| Zusatz zum Titel | Ergebnisse der schöpferischen Masseninitiative / |
| Verfasserangabe etc. | Volkspolizei Kreisamt Frankfurt (Oder) |
| 260 ## - Publikation, Vertrieb usw. (Erscheinungsvermerk) | |
| Erscheinungsort, Vertriebsort etc. | Frankfurt (Oder) |
| Date of publication, distribution, etc | [1979] |
| 300 ## - Physische Beschreibung | |
| Umfang | o.Sz. |
| Andere physische Details | Lose Blätter, teilweise mit Fotografien im Schuber |
| 500 ## - Allgemeine Fußnote | |
| Allgemeine Fußnote | enthält: Einblicke in die gesellschaftliche und politische Arbeit der Volkspolizei |
| 653 ## - Indexierungsterm - Nicht normiert | |
| Nicht-normierter Term | Volkspolizei |
| 653 ## - Indexierungsterm - Nicht normiert | |
| Nicht-normierter Term | Frankfurt (Oder) |
| 942 ## - Zusätzliche Felder (Koha) | |
| Klassifikation oder Aufstellungssystematik | Andere/Generische Klassifikation |
| Koha-Medientyp | Bücher |
| Ausgeschieden | Verloren | Klassifikation oder Aufstellungssystematik | Beschädigt | Nicht entleihbar | Permanenter Standort | Aktueller Standort | Aufstellungsort | Erwerbungsdatum | Lieferant | Anzahl Ausleihen | Signatur | Letzte Aktivität | Exemplarnummer | Preis gültig von | Medientyp |
|---|---|---|---|---|---|---|---|---|---|---|---|---|---|---|---|
| Andere/Generische Klassifikation | Stadtarchiv Frankfurt (Oder) | Archivbibliothek | Stadtarchiv Frankfurt (Oder) | Archivbibliothek | Magazin | 29/07/2025 | Geschenk Herr Fiedler | IV: 1609 | 29/07/2025 | 87/2025 | 29/07/2025 | Bücher |